000 01046nab a2200277uu 4500
001 02703
003 HDC
007 cr ca aaaau
008 201217p2011 uk ||||| |||| 00| 0 eng d
040 _aHDC
100 _aReza Farrokhi
_eauthor
_9433
245 0 _aIdentification of pork genome in commercial meat extracts for Halal authentication by SYBR green real-time PCR /
_cReza Farrokhi, Raziallah Jafari Joozani
260 _aLondon :
_bInstitute of Food Science and Technology,
_c2011
300 _a1 online resource (5 pages) :
_billustrations
336 _atext
_2rdacontent
337 _acomputer
_2rdamedia
338 _aonline resource
_2rdacarrier
650 _aHalal authentication
_9435
650 _aHalal
_9294
650 _amitochondrial DNA
_9434
700 _aRaziallah Jafari Joozani
_eauthor
_9436
856 _zRequest full-text at [email protected]
942 _2lcc
942 _cAR
942 _kJART 001008
999 _c90
_d90